<?xml version="1.0" encoding="UTF-8"?>
<record
    xmlns:xsi="http://www.w3.org/2001/XMLSchema-instance"
    xsi:schemaLocation="http://www.loc.gov/MARC21/slim http://www.loc.gov/standards/marcxml/schema/MARC21slim.xsd"
    xmlns="http://www.loc.gov/MARC21/slim">

  <leader>03155cam a2200265   4500500</leader>
  <controlfield tag="005">20260517000311.0</controlfield>
  <datafield tag="041" ind1=" " ind2=" ">
    <subfield code="a">fre</subfield>
  </datafield>
  <datafield tag="042" ind1=" " ind2=" ">
    <subfield code="a">dc</subfield>
  </datafield>
  <datafield tag="100" ind1="1" ind2="0">
    <subfield code="a">Beck, Lise</subfield>
    <subfield code="e">author</subfield>
  </datafield>
  <datafield tag="245" ind1="0" ind2="0">
    <subfield code="a">La sant&#xE9; des nouveau-n&#xE9;s au Rwanda. &#xC9;volution des facteurs associ&#xE9;s aux tendances de la mortalit&#xE9; n&#xE9;onatale</subfield>
  </datafield>
  <datafield tag="260" ind1=" " ind2=" ">
    <subfield code="c">2009.
							</subfield>
  </datafield>
  <datafield tag="500" ind1=" " ind2=" ">
    <subfield code="a">3</subfield>
  </datafield>
  <datafield tag="520" ind1=" " ind2=" ">
    <subfield code="a">R&#xE9;sum&#xE9;La mortalit&#xE9; n&#xE9;onatale (avant l&#x2019;&#xE2;ge d&#x2019;un mois) repr&#xE9;sente une part importante de la mortalit&#xE9; des enfants en Afrique sub-saharienne, malgr&#xE9; l&#x2019;attention croissante dont fait l&#x2019;objet la sant&#xE9; des m&#xE8;res et des enfants. Au Rwanda, plusieurs enqu&#xEA;tes d&#xE9;mographiques et de sant&#xE9; ont permis de constater l&#x2019;absence d&#x2019;am&#xE9;lioration majeure depuis les ann&#xE9;es 1980, les progr&#xE8;s &#xE9;tant compens&#xE9;s par des recrudescences p&#xE9;riodiques. Cependant un d&#xE9;clin significatif semble amorc&#xE9; depuis les ann&#xE9;es 2000.L&#x2019;objectif de ce travail est d&#x2019;&#xE9;tudier l&#x2019;&#xE9;volution des d&#xE9;terminants de la mortalit&#xE9; n&#xE9;onatale entre 1980 et les ann&#xE9;es 2000, et les obstacles emp&#xEA;chant son d&#xE9;clin durable. Des analyses de r&#xE9;gression logistique sur diff&#xE9;rentes g&#xE9;n&#xE9;rations de nouveau-n&#xE9;s ont montr&#xE9; la persistance de conditions d&#xE9;favorables, comme la bri&#xE8;vet&#xE9; de l&#x2019;espace interg&#xE9;n&#xE9;sique et la pr&#xE9;maturit&#xE9;. N&#xE9;anmoins, en d&#xE9;pit de conditions de grossesse et/ou d&#x2019;accouchement toujours insuffisantes, la qualit&#xE9; des consultations pr&#xE9;natales et des soins aux nouveau-n&#xE9;s semble s&#x2019;am&#xE9;liorer.</subfield>
  </datafield>
  <datafield tag="520" ind1=" " ind2=" ">
    <subfield code="a">Newborn babies&#x2019; health in Rwanda: Evolution of factors associated with neonatal mortality trendsIn spite of increasing attention for maternal and child health, neonatal mortality (before the age of one month) represents a significant part of infant mortality in sub-Saharan Africa. Several demographic and health surveys show the lack of any major improvement since the 1980s in Rwanda, and despite some indication of minor improvement, any real progress has been countered by periods of aggravation of the situation. However, a noticeable decrease in neonatal mortality seems to have begun since the year 2000.This study describes the evolution of the determinants of neonatal mortality between 1980 and 2000 and the obstacles that hinder its sustainable decline. Regressive logistical analyses conducted with data on several different generations of newborns showed the persistence of some unfavourable factors and conditions, such as the short period of time between births of babies carried to term and premature births. Nevertheless, although the conditions for pregnancy and delivery are still insufficient, the quality of pre-natal and newborn care seems to be improving.</subfield>
  </datafield>
  <datafield tag="690" ind1=" " ind2=" ">
    <subfield code="a">d&#xE9;terminants de la mortalit&#xE9; n&#xE9;onatale</subfield>
  </datafield>
  <datafield tag="690" ind1=" " ind2=" ">
    <subfield code="a">mortalit&#xE9; n&#xE9;onatale</subfield>
  </datafield>
  <datafield tag="690" ind1=" " ind2=" ">
    <subfield code="a">Rwanda</subfield>
  </datafield>
  <datafield tag="690" ind1=" " ind2=" ">
    <subfield code="a">sant&#xE9; des nouveau-n&#xE9;s</subfield>
  </datafield>
  <datafield tag="690" ind1=" " ind2=" ">
    <subfield code="a">determinants of neonatal mortality</subfield>
  </datafield>
  <datafield tag="690" ind1=" " ind2=" ">
    <subfield code="a">neonatal mortality</subfield>
  </datafield>
  <datafield tag="690" ind1=" " ind2=" ">
    <subfield code="a">newborn health</subfield>
  </datafield>
  <datafield tag="690" ind1=" " ind2=" ">
    <subfield code="a">Rwanda</subfield>
  </datafield>
  <datafield tag="786" ind1="0" ind2=" ">
    <subfield code="n">Sant&#xE9; Publique | 21 | 2 | 2009-05-19 | p. 159-172 | 0995-3914</subfield>
  </datafield>
  <datafield tag="856" ind1="4" ind2="1">
    <subfield code="u">https://stm.cairn.info/revue-sante-publique-2009-2-page-159?lang=fr&amp;redirect-ssocas=7080</subfield>
  </datafield>
  <datafield tag="999" ind1=" " ind2=" ">
    <subfield code="c">2231116</subfield>
    <subfield code="d">2231116</subfield>
  </datafield>
</record>
